| 000 | 00742nam a2200253 a 4500 | ||
|---|---|---|---|
| 008 | |||
| 020 | _a0030152542 (pbk.) | ||
| 049 | _aMAIN | ||
| 090 | _aQC457 HEA | ||
| 100 | _aHeald, Mark A. | ||
| 245 | 0 |
_aClassical electromagnetic radiation / _cMark A. Heald, Jerry B. Marion. |
|
| 250 | _a3rd ed. | ||
| 260 |
_aNew York : _bSaunders College, _c1995 |
||
| 300 |
_axii, 572 p. : _bill. ; _c24 cm. |
||
| 500 | _aIncludes index | ||
| 504 | _aIncludes bibliographical references. | ||
| 650 |
_aMagnetism _b Static electricity |
||
| 700 | _aMarion, Jerry B. | ||
| 907 |
_a.b10094805 _b31-01-07 _c22-11-03 |
||
| 003 | |||
| 005 | 20230123133502.0 | ||
| 040 | _cNUST | ||
| 942 |
_cBOOKS _kQC457 HEA |
||
| 999 |
_c149408 _d149408 |
||